000 00309nam a2200121Ia 4500
008 190216s9999||||xx |||||||||||||| ||und||
100 _aRagnar Nurkse
245 0 _aProblems Of Capital Formation In Under Developed Countries
260 _bVrinda Pub
_c1955
300 _a163p
650 _aCommerce
942 _cBK
999 _c9378
_d9378